Sankčný úrok a pokuty ukladané pri dani z nehnuteľností

Sankcie sú súčasťou dane. Sankciami sú najmä poriadkové pokuty a sankcie za porušenie finančnej disciplíny. Ukladanie pokút - dôvody. Ukladanie sankčného úroku. Porušenie finančnej disciplíny daňovníkom. Úrok z odloženej sumy. Sankčný úrok platený správcom dane daňovníkovi. Rozhodnutie. Možnosť odpu...

Descrizione completa

Salvato in:
Dettagli Bibliografici
Autore principale: Bubeníková, Irena
Natura: Capitolo di libro
Lingua:slovacco
Soggetti:
Tags: Aggiungi Tag
Nessun Tag, puoi essere il primo ad aggiungerne!!

MARC

LEADER 00000naa$a2200000$$$4500
001 0073627
005 20231106073721.2
041 0 |a slo 
044 |a SK 
245 1 0 |a Sankčný úrok a pokuty ukladané pri dani z nehnuteľností  |c Irena Bubeníková 
520 |a Sankcie sú súčasťou dane. Sankciami sú najmä poriadkové pokuty a sankcie za porušenie finančnej disciplíny. Ukladanie pokút - dôvody. Ukladanie sankčného úroku. Porušenie finančnej disciplíny daňovníkom. Úrok z odloženej sumy. Sankčný úrok platený správcom dane daňovníkovi. Rozhodnutie. Možnosť odpustenia uvedených sankcií. 
610 2 0 |a sankcie 
610 2 0 |a úrok 
610 2 0 |a pokuty 
610 2 0 |a dane z nehnuteľností 
610 2 0 |a priznania daňové 
610 2 0 |a povinnosť daňová 
100 1 |a Bubeníková, Irena